Entry Personal Name
Number of records used in: 1
001 - CONTROL NUMBER
003 - CONTROL NUMBER IDENTIFIER
005 - DATE AND TIME OF LATEST TRANSACTION
- control field:
20230823122031.0
008 - FIXED-LENGTH DATA ELEMENTS
- fixed length control field:
900712n| azannaabn |a aaa
010 ## - LIBRARY OF CONGRESS CONTROL NUMBER
- LC control number:
n 90669075
035 ## - SYSTEM CONTROL NUMBER
- System control number:
(OCoLC)oca02779322
040 ## - CATALOGING SOURCE
- Original cataloging agency:
DLC
- Language of cataloging:
eng
- Transcribing agency:
DLC
- Description conventions:
rda
- Modifying agency:
DLC
- Modifying agency:
NNU-L
- Modifying agency:
DLC
- Modifying agency:
OCoLC
046 ## - SPECIAL CODED DATES
100 1# - HEADING--PERSONAL NAME
- Personal name:
Verbeke, Alain
372 ## - FIELD OF ACTIVITY
- Field of activity:
Industrial management
- Source of term:
lcsh
400 1# - SEE FROM TRACING--PERSONAL NAME
- Personal name:
Verbeke, A.
- Fuller form of name:
(Alain)
670 ## - SOURCE DATA FOUND
- Source citation:
Global corporate strategy and trade policy, 1990:
- Information found:
CIP t.p. (Alain Verbeke) prelim. p. (vis. prof. Fac. of Management, U. of Toronto, also acad. at U. of Antwerp and Brussels U.)
670 ## - SOURCE DATA FOUND
- Source citation:
Sociaal-economische evaluatie ... 1998:
- Information found:
t.p. (Alain Verbeke) p. 17 (Prof. dr., b. 1960)
670 ## - SOURCE DATA FOUND
- Source citation:
Handbook of Research on International Strategic Management, [2012]:
- Information found:
t.p. (Alain Verbeke, McCaig Professor in Management, Haskayne School of Business, University of Calgary, Canada, Associate Fellow, Centre for International Business and Management, Judge Business School, University of Cambridge, UK)